Les Humils violetes / de Victorià Vives
Descripción Física:
151 p. ; 18 cm
Colección:
Biblioteca teatral ; 10
MARC
| LEADER | 00000nam a2200000Ia 4500 | ||
|---|---|---|---|
| 001 | 2102 | ||
| 003 | BGR | ||
| 005 | 20260324175312.0 | ||
| 008 | 160829s1938 xx 000 0 cat d | ||
| 080 | |a L-1-202 | ||
| 100 | |a Vives, Victorià |9 25623 | ||
| 245 | |a Les Humils violetes / de Victorià Vives | ||
| 260 | |a Barcelona : |b Institució del Teatre, |c 1938 | ||
| 300 | |a 151 p. ; |c 18 cm | ||
| 490 | |a Biblioteca teatral ; 10 | ||
| 590 | |a Premi del concurs de 1919 | ||
| 710 | 1 | |a Institut del Teatre (Barcelona, Catalunya) |9 52662 | |
| 901 | |a Arxiu | ||
| 942 | |n 1 |2 udc |c MON | ||
| 952 | |0 0 |1 0 |4 0 |6 L1202 |7 1 |9 43707 |a Arxiu |b Arxiu |d 2016-12-01 |l 0 |o L-1-202 |p 2102 |r 2016-12-01 00:00:00 |w 2016-12-01 |y ARXIU | ||
| 999 | |c 46255 |d 46255 | ||